LEADER 01888nam 2200457 450 001 000003110 005 20130219135411.0 100 $a20010221d1965----km-y0itay0103----ba 101 0 $ait 102 $aIT 200 1 $aOrestes$fEuripides$gintroduzione, testo critico, commento e appendice metrica a cura di Vincenzo Di Benedetto 210 $aFirenze$c<> Nuova Italia$d1965 215 $aXXXI, 318 p.$d21 cm 225 2 $aBiblioteca di studi superiori$iFilologia greca e papirologia$v51 410 0$12001$aBiblioteca di studi superiori$iFilologia greca e papirologia$v51 676 $a882$v(22. ed.)$9Poesia drammatica e letteratura drammatica greca classica 700 0$aEuripides$0229973 702 1$aDi Benedetto,$bVincenzo 801 0$aIT$bUniversità della Basilicata - B.I.A.$gRICA$2unimarc 912 $a000003110 996 $aOrestes$919906 997 $aUNIBAS BAS $aLETTERE CAT $aDILEO$b20$c19990930$lBAS01$h1149 CAT $aDILEO$b20$c19990930$lBAS01$h1156 CAT $aDILEO$b20$c19991004$lBAS01$h1625 CAT $aDILEO$b20$c19991004$lBAS01$h1626 CAT $aDILEO$b01$c20000804$lBAS01$h1314 CAT $c20000920$lBAS01$h1830 CAT $c20001010$lBAS01$h1633 CAT $aDILEO$b01$c20010221$lBAS01$h1044 CAT $c20050601$lBAS01$h1753 CAT $abatch$b01$c20050718$lBAS01$h1047 CAT $c20050718$lBAS01$h1107 CAT $c20050718$lBAS01$h1137 CAT $c20050718$lBAS01$h1151 CAT $aBATCH$b00$c20070503$lBAS01$h1735 CAT $aTTM$b30$c20130219$lBAS01$h1354 FMT Z30 -1$lBAS01$LBAS01$mBOOK$1BASA1$APolo Storico-Umanistico$2GEN$BCollezione generale$3FP/48542$648542$5L48542$820120315$f02$FPrestabile Generale Z30 -1$lBAS01$LBAS01$mBOOK$1BASA1$APolo Storico-Umanistico$2GEN$BCollezione generale$3FP/83681$9FP/83681$683681$5L83681$819990930$f02$FPrestabile Generale